000 01034cam a2200301 a 4500
001 27752
003 BD-RjUL
005 20211209051210.0
008 140327s1986 coua b 001 0 eng d
020 _a0865315221
035 _a(OCoLC)ocm11469123
_a(BD-RjUL)27831
040 _aDLC
_cDLC
_beng
_dBD-RjUL
041 _aeng
082 0 0 _a977.3
_219
_bHOI 1986
100 1 _aHorsley, A. Doyne.
_985186
245 1 0 _aIllinois :
_ba geography /
_cA. Doyne Horsley ; cartography by A. Doyne Horsley and Ruquiyah Islam ; map consultant: Daniel Irwin.
260 _aBoulder ;
_aLondon :
_bWestview Press,
_c1986.
300 _axvi, 218 p. :
_bill. ;
_c26 cm.
504 _a Includes Bibliography: p. 204-205 and index.
650 _aIllinois
_xDescription and travel.
_985187
651 0 _aIllinois
_xDescription and travel.
_985188
700 1 _aIslam, Ruquiyah.
_985189
700 1 _aIrwin, Daniel.
_985190
830 0 _aGeographies of the United States
_985194
942 _2ddc
_cBK
999 _c27752
_d27752